Practice makes perfect English pronouns and prepositions
This new addition to the Practice Makes Perfect series makes it easier than ever for ESL learners to get the hang of English pronouns and prepositions. In clear, straightforward language, and with the help of numerous everyday examples, language teacher Ed Swick demystifies English pronouns and prep...
Guardado en:
| Autor principal: | |
|---|---|
| Formato: | Libro |
| Lenguaje: | Undetermined |
| Publicado: |
New York
McGraw Hill
2005
|
| Materias: | |
| Etiquetas: |
Agregar Etiqueta
Sin Etiquetas, Sea el primero en etiquetar este registro!
|
| Thư viện lưu trữ: | Trung tâm Học liệu Trường Đại học Cần Thơ |
|---|
| LEADER | 01056nam a2200217Ia 4500 | ||
|---|---|---|---|
| 001 | CTU_100907 | ||
| 008 | 210402s9999 xx 000 0 und d | ||
| 020 | |c 159000 | ||
| 082 | |a 425.076 | ||
| 082 | |b S976 | ||
| 100 | |a Swick, Ed | ||
| 245 | 0 | |a Practice makes perfect English pronouns and prepositions | |
| 245 | 0 | |c Ed Swick | |
| 260 | |a New York | ||
| 260 | |b McGraw Hill | ||
| 260 | |c 2005 | ||
| 520 | |a This new addition to the Practice Makes Perfect series makes it easier than ever for ESL learners to get the hang of English pronouns and prepositions. In clear, straightforward language, and with the help of numerous everyday examples, language teacher Ed Swick demystifies English pronouns and prepositions, and he provides dozens of skill-building exercises. The numerous exercises include a variety of formats, such as fill-in-the-blank sentences, sentence rewriting, writing original sentences, and more. | ||
| 650 | |a English language | ||
| 650 | |x Grammar | ||
| 904 | |i Giang | ||
| 980 | |a Trung tâm Học liệu Trường Đại học Cần Thơ | ||